000
00314nam a22001337a 4500
003
SGT
020
_a
978-1-84787-487-0
082
_a
157.9
_b
C13B
100
_a
BARKHAM, MICHAEL
245
_a
CLINICAL PSYCHOLOGY- I: ASSESSMENT & FORMULATION
260
_a
ANGELS
_b
SAGE
_c
2013
300
_a
304
942
_2
ddc
_c
BK
999
_c
15046
_d
15046